الكتاب التوثيقي لندوة إدارة خدمات المتقاعدين والاستفادة من خبراتهم : (Record no. 6374)

MARC details
000 -LEADER
fixed length control field 00646nam a22001817a 4500
005 - DATE AND TIME OF LATEST TRANSACTION
control field 20231206095906.0
008 - FIXED-LENGTH DATA ELEMENTS--GENERAL INFORMATION
fixed length control field 231206b |||||||| |||| 00| 0 eng d
020 ## - INTERNATIONAL STANDARD BOOK NUMBER
International Standard Book Number 9960141152
040 ## - CATALOGING SOURCE
Transcribing agency .
082 ## - DEWEY DECIMAL CLASSIFICATION NUMBER
Edition number
Classification number 350,162531 645K 2003
100 ## - MAIN ENTRY--PERSONAL NAME
Personal name معهد الادارة العامة
245 ## - TITLE STATEMENT
Title الكتاب التوثيقي لندوة إدارة خدمات المتقاعدين والاستفادة من خبراتهم :
Remainder of title /
Statement of responsibility, etc. معهد الادارة العامة
250 ## - EDITION STATEMENT
Edition statement
260 ## - PUBLICATION, DISTRIBUTION, ETC.
Place of publication, distribution, etc. الرياض
Name of publisher, distributor, etc. معهد الادارة العامة
Date of publication, distribution, etc. 2003
300 ## - PHYSICAL DESCRIPTION
Extent 744ص
Dimensions 24سم
650 ## - SUBJECT ADDED ENTRY--TOPICAL TERM
Geographic subdivision التقاعد
942 ## - ADDED ENTRY ELEMENTS (KOHA)
Source of classification or shelving scheme Dewey Decimal Classification
Koha item type Arabic Book
Suppress in OPAC No
Holdings
Withdrawn status Lost status Source of classification or shelving scheme Damaged status Not for loan Home library Current library Date acquired Total Checkouts Full call number Barcode Date last seen Copy number Price effective from Koha item type
    Dewey Decimal Classification     CENTRAL CENTRAL 12/13/2023   350,162531 645K 2003 1000000018850 12/13/2023 C1 12/13/2023 Arabic Book